书目信息 |
| 题名: |
代数学辞典
|
|
| 作者: | 祾部贞市郎 编 ;张明粱 , 蒋声 译 | |
| 分册: | 下册 | |
| 出版信息: | 上海 上海教育出版社 1982 |
|
| 页数: | 978页 | |
| 开本: | 21cm | |
| 丛书名: | ||
| 单 册: | ||
| 中图分类: | O1-61 | |
| 科图分类: | ||
| 主题词: | 数学--词典 | |
| 电子资源: | ||
| ISBN: | ||
| 000 | 00718nam0 2200253 45 | |
| 001 | 0182001082 | |
| 005 | 20041224100432.6 | |
| 010 | @b精装@dCNY5.10 | |
| 091 | @a17150.6 | |
| 100 | @a19950426d1982 emky0chiy0121 ea | |
| 101 | 1 | @achi@cjpn |
| 102 | @aCN@b310000 | |
| 105 | @ay e 000yy | |
| 200 | 10 | @a代数学辞典@Adai shu xue ci dian@e问题解法@h下册@f(日)祾部贞市郎编@g张明粱, 蒋声等译 |
| 210 | @a上海@c上海教育出版社@d1982 | |
| 215 | @a978页@d21cm | |
| 606 | @a数学@x词典 | |
| 690 | @aO1-61@v3 | |
| 701 | 0 | @a祾部贞市郎@4编 |
| 702 | 0 | @a张明粱@Azhang ming liang@4译 |
| 702 | 0 | @a蒋声@Ajiang sheng@4译 |
| 801 | 0 | @aCN@b上海图书馆@c20040921 |
| 801 | 2 | @aCN@bNLC@c20040921 |
| 905 | @dO1-61@e100:2@f1@b87601 | |
| 代数学辞典:问题解法.下册/(日)祾部贞市郎编/张明粱, 蒋声等译.-上海:上海教育出版社,1982 |
| 978页;21cm |
| ISBN (精装):CNY5.10 |
| ● |
| 相关链接 |
|
|
|
|
正题名:代数学辞典
索取号:O1-61/100:2
 
预约/预借
| 序号 | 登录号 | 条形码 | 馆藏地/架位号 | 状态 | 备注 |
| 1 | 0087599 | 000555358 | 密集书库/ [索取号:O1-61/100:2] | 在馆 | |
| 2 | 0087600 | 000555349 | 密集书库/ [索取号:O1-61/100:2] | 在馆 | |
| 3 | 0087601 | 001971842 | 密集书库/ [索取号:O1-61/100:2] | 在馆 | |
| 4 | 0087602 | 000555474 | 密集书库/ [索取号:O1-61/100:2] | 在馆 | |
| 5 | 0087603 | 000555367 | 第二样本阅览室/ [索取号:O1-61/100:2] | 在馆 | |
| 6 | 0145271 | 000555483 | 密集书库/ [索取号:O1-61/100:2] | 在馆 | |
| 7 | 0145272 | 001962736 | 密集书库/ [索取号:O1-61/100:2] | 在馆 | |
| 8 | 0145273 | 000555410 | 工具书阅览室/ [索取号:O1-61/100:2] | 在馆 | |
| 9 | 0145275 | 000555401 | 密集书库/ [索取号:O1-61/100:2] | 在馆 | |
| 10 | 0145276 | 000555394 | 密集书库/ [索取号:O1-61/100:2] | 在馆 | |
| 11 | 0145277 | 000555321 | 密集书库/ [索取号:O1-61/100:2] | 在馆 | |
| 12 | 0145278 | 000555456 | 密集书库/ [索取号:O1-61/100:2] | 在馆 |